Quiénes son los terroristas?: terrorismo ciego, terrorismo de Estado, terrorismo global, kamikazes, Al-Qaeda...

Gardado en:
Detalles Bibliográficos
Main Authors: Chomsky, Noam (Author), Ramonet, Ignacio (Author), Sepúlveda, Luis (Author)
Formato: Libro
Idioma:Lingua castelá
Publicado: Santiago Aún Creemos en los Sueños 2004
Edición:1a. ed
Series:Selección de Artículos de Le Monde Diplomatique, 33
Subjects:
Tags: Engadir etiqueta
Sen Etiquetas, Sexa o primeiro en etiquetar este rexistro!

MARC

LEADER 00000nam a2200000 a 4500
001 UCI6722
003 CL-VaPUC
008 080523e20040000CL |||||||||||||||||spa|d
020 |a 9568134336 
082 0 4 |a 303.625  |b CHO  |2 21 
100 0 |a Chomsky, Noam  |e author  |9 320717 
700 0 |a Ramonet, Ignacio  |e author  |9 529694 
700 0 |a Sepúlveda, Luis  |e author  |9 529695 
245 1 0 |a Quiénes son los terroristas?: terrorismo ciego, terrorismo de Estado, terrorismo global, kamikazes, Al-Qaeda... 
250 |a 1a. ed 
300 |a 67 p 
942 |c BK 
945 |d 20080523 00:00:00  |a cmena 
260 |a Santiago  |b Aún Creemos en los Sueños  |c 2004 
650 0 |a Terrorismo   |9 255070 
650 0 |a Violencia social  |9 399777 
650 7 |a TERRORISMO POLITICO  |2 CL-VaPUC  |9 529696 
650 0 |a Globalización  |9 361930 
650 0 |a Problemas sociales  |9 258537 
583 |a last modification  |c 20080523 00:00:00  |k Rodrigo Vera 
490 0 |a Selección de Artículos de Le Monde Diplomatique, 33 
999 |c 330171  |d 330169 
952 |0 0  |1 0  |4 0  |6 303_625000000000000_CHO_2004  |7 0  |8 A  |9 415580  |a BIBCUR  |b BIBCUR  |d 2019-11-22  |i 4440676  |o 303.625 CHO 2004  |p 4440676  |r 2025-04-22  |w 2019-11-22  |y BK  |k PER